[Event "Vladivostok Primorsky Debut"]
[Site "Vladivostok"]
[Date "2016.07.22"]
[Round "2"]
[White "Yanchenko, Roman"]
[Black "Medvedev, Nikita"]
[Result "1-0"]
[WhiteElo "2414"]
[BlackElo "1884"]
[PlyCount "92"]
[EventDate "2016.07.21"]
[EventType "swiss"]
[EventRounds "9"]
[EventCountry "RUS"]
[SourceTitle "CBM 173 Extra"]
[Source "ChessBase"]
[SourceDate "2016.08.29"]
[SourceVersion "1"]
[SourceVersionDate "2016.08.29"]
[SourceQuality "1"]

1. d4 d5 2. c4 c6 3. Nc3 e6 4. e3 Nf6 5. Nf3 Nbd7 6. cxd5 exd5 7. Bd3 Be7 8. 0-0 0-0 9. Qc2 h6 10. Bd2 b6 11. Ne2 Bb7 12. b4 Rc8 13. Rac1 c5 14. bxc5 bxc5 15. dxc5 Ne4 16. Bb4 Bxc5 17. Bxc5 Ndxc5 18. Nfd4 Qg5 19. Nf4 Rfe8 20. Qb2 Nxd3 21. Nxd3 Ba6 22. Rxc8 Rxc8 23. Rc1 Rxc1+ 24. Nxc1 Qe5 25. Ncb3 Bc4 26. Na5 Nf6 27. Qb7 Qe4 28. h3 Bxa2 29. Qa8+ Kh7 30. Qxa7 Qe8 31. Qb7 Ne4 32. Qb4 Qc8 33. Qa3 Bc4 34. Qe7 Qc5 35. Qxc5 Nxc5 36. Ndc6 f6 37. f3 Kg6 38. e4 Kf7 39. Kf2 Ne6 40. Ke3 Ke8 41. Nxc4 dxc4 42. Nd4 Nc5 43. Nf5 Kf8 44. Kd4 Ne6+ 45. Kxc4 Nf4 46. Ne3 Kf7 1-0